000 00371nam a22001577a 4500
999 _c257098
_d257097
003 OSt
005 20180801102845.0
008 180801b xxu||||| |||| 00| 0 eng d
020 _a9780136003700
040 _cN/A
100 _aJohn. E. McMurry et al
245 _aChemistry
250 _a5th ed
260 _aLondon
_bPearson Education Ltd.
_c2008
942 _2lcc
_cBK